[Event "DEM U12/U12w 2003"]
[Site "Willingen GER"]
[Date "2003.06.09"]
[Round "4"]
[White "Hort, Maria"]
[Black "Schulz, Marcel"]
[Result "0-1"]
[Termination "normal"]
[Board "32"]
[WhiteElo "966"]
[BlackElo "1406"]
[PlyCount "58"]
[BlackFideId "1270585"]
[EventCountry "GER"]
[EventRounds "11"]
[EventType "swiss"]
[EventDate "2003.06.07"]

1. e4 c5 2. Nc3 Nc6 3. Bb5 g6 4. d3 Bg7 5. Nf3 d6 6. O-O Nf6 7. Bg5 h6 8. Bxf6
Bxf6 9. Nd5 Bg7 10. c3 O-O 11. Re1 Bd7 12. Ne3 a6 13. Ba4 b5 14. Bc2 a5 15. d4
cxd4 16. cxd4 Rc8 17. d5 Ne5 18. Nxe5 Bxe5 19. Rb1 b4 20. b3 Bc3 21. Rf1 Bb5
22. Bd3 Bxd3 23. Qxd3 Qd7 24. Rfc1 a4 25. bxa4 Qxa4 26. Rc2 Be5 27. Ng4 Qxc2
28. Rd1 Qxd3 29. Rxd3 Rc1+ 0-1

[Event "DEM U12/U12w 2003"]
[Site "Willingen GER"]
[Date "2003.06.09"]
[Round "4"]
[White "Wassilian, Diana"]
[Black "Tschikischew, Jürgen"]
[Result "1/2-1/2"]
[Termination "normal"]
[Board "33"]
[WhiteElo "1376"]
[BlackElo "1249"]
[PlyCount "100"]
[EventCountry "GER"]
[EventRounds "11"]
[EventType "swiss"]
[EventDate "2003.06.07"]

1. e4 d6 2. d4 Nf6 3. Nc3 g6 4. Nf3 Nbd7 5. Bd3 Bg7 6. h3 e5 7. Be3 c6 8. O-O
O-O 9. Qd2 Qc7 10. Bh6 d5 11. Bxg7 Kxg7 12. Qe3 b6 13. Rae1 Re8 14. exd5 exd4
15. Qxd4 c5 16. Qh4 Bb7 17. Bc4 Ne5 18. Nxe5 Rxe5 19. Rd1 Rd8 20. d6 Rxd6 21.
Qf4 Rxd1 22. Nxd1 Qc6 23. f3 Rf5 24. Qg3 Nh5 25. Qf2 Rf4 26. Ne3 Qa4 27. Bb3
Qc6 28. Bd5 Qd7 29. Rd1 Rd4 30. Bxb7 Rxd1+ 31. Nxd1 Qxb7 32. Nc3 Nf4 33. Ne4 f5
34. Nc3 Nd5 35. Qe1 Qe7 36. Qxe7+ Nxe7 37. Nb5 a6 38. Nc7 a5 39. Kf2 Nc6 40. c3
Ne5 41. Ke2 Kf7 42. b3 g5 43. c4 h5 44. Nd5 Nd7 45. Ke3 Ke6 46. Kd3 Ke5 47. a3
f4 48. Kc3 Kf5 49. Ne7+ Ke6 50. Nd5 Kd6 1/2-1/2

[Event "DEM U12/U12w 2003"]
[Site "Willingen GER"]
[Date "2003.06.09"]
[Round "4"]
[White "Kickert, Germaine-Helene"]
[Black "Mischke, Daniel"]
[Result "1-0"]
[Termination "normal"]
[Board "34"]
[WhiteElo "1374"]
[BlackElo "1238"]
[PlyCount "45"]
[WhiteFideId "24614890"]
[EventCountry "GER"]
[EventRounds "11"]
[EventType "swiss"]
[EventDate "2003.06.07"]

1. e4 Nf6 2. Nc3 d5 3. exd5 Nxd5 4. Bc4 Nxc3 5. bxc3 Bf5 6. d4 e6 7. Nf3 Nc6 8.
O-O Qf6 9. Re1 O-O-O 10. Bg5 Qg6 11. Bxd8 Bxc2 12. Qd2 Nxd8 13. Ne5 Qf5 14. g4
Qf6 15. Qxc2 Bd6 16. Qe4 Qh4 17. Qg2 h5 18. g5 Qf4 19. Rad1 f6 20. Ng6 Qxg5 21.
Qxg5 fxg5 22. Nxh8 h4 23. Bxe6+ 1-0

[Event "DEM U12/U12w 2003"]
[Site "Willingen GER"]
[Date "2003.06.09"]
[Round "4"]
[White "Oltzen, Samuel David"]
[Black "Penne, Bo"]
[Result "1-0"]
[Termination "normal"]
[Board "35"]
[WhiteElo "1367"]
[BlackElo "1226"]
[PlyCount "79"]
[BlackFideId "24642193"]
[EventCountry "GER"]
[EventRounds "11"]
[EventType "swiss"]
[EventDate "2003.06.07"]

1. e4 c6 2. d4 d5 3. exd5 cxd5 4. Bd3 Nc6 5. c3 Nf6 6. Bf4 b6 7. Nd2 Bb7 8.
Ngf3 e6 9. O-O Be7 10. b4 O-O 11. Qb1 h6 12. Nb3 Rc8 13. Qd1 Ne4 14. Rc1 Qd7
15. Nbd2 Nd8 16. Ne5 Qe8 17. Nxe4 dxe4 18. Bb1 f6 19. Ng4 Qc6 20. Nxh6+ gxh6
21. Bxh6 Rf7 22. Qg4+ Kh8 23. Qh5 Rh7 24. Qg6 Nf7 25. f3 Rxh6 26. Qxf7 Bd6 27.
Bxe4 Bxh2+ 28. Kf2 Qc7 29. Qxe6 Qg3+ 30. Ke2 Qc7 31. Bxb7 Qxb7 32. c4 Rh7 33.
Qxf6+ Kg8 34. Qe6+ Kf8 35. Qf5+ Rf7 36. Qh3 Bd6 37. Kd3 Qa6 38. Rfe1 Qa3+ 39.
Rc3 Qa6 40. Qh8# 1-0

[Event "DEM U12/U12w 2003"]
[Site "Willingen GER"]
[Date "2003.06.09"]
[Round "4"]
[White "Bradler, Stephan"]
[Black "Göbel, Florian"]
[Result "1-0"]
[Termination "normal"]
[Board "36"]
[WhiteElo "1366"]
[BlackElo "1180"]
[PlyCount "59"]
[WhiteFideId "24629367"]
[EventCountry "GER"]
[EventRounds "11"]
[EventType "swiss"]
[EventDate "2003.06.07"]

1. e4 c5 2. Nf3 Nc6 3. d4 cxd4 4. Nxd4 Nf6 5. Nc3 e6 6. Ndb5 d6 7. Bf4 e5 8.
Bg5 a6 9. Na3 Be7 10. Bxf6 Bxf6 11. Nc4 Be7 12. Nd5 Be6 13. Nxe7 Kxe7 14. Qd2
Re8 15. O-O-O Bxc4 16. Bxc4 Qc7 17. Qd5 Rf8 18. Qd2 Rfd8 19. Qg5+ Kf8 20. Qf5
Nd4 21. Rxd4 exd4 22. Bd5 Rac8 23. Bb3 Kg8 24. Rd1 Qd7 25. Qf4 Rc5 26. Rxd4 Qc7
27. Rd3 Rc8 28. c3 Re5 29. Qg4 Qe7 30. Qxc8+ 1-0

[Event "DEM U12/U12w 2003"]
[Site "Willingen GER"]
[Date "2003.06.09"]
[Round "4"]
[White "Stelter, Frederik"]
[Black "Geis, Raoul-Marian"]
[Result "1-0"]
[Termination "normal"]
[Board "37"]
[WhiteElo "1157"]
[BlackElo "1315"]
[PlyCount "51"]
[EventCountry "GER"]
[EventRounds "11"]
[EventType "swiss"]
[EventDate "2003.06.07"]

1. c4 e5 2. Nc3 Nf6 3. g3 Nc6 4. Bg2 Bb4 5. a3 Bxc3 6. bxc3 d6 7. d3 Be6 8. Rb1
Rb8 9. Qa4 d5 10. Bg5 Kf8 11. Bxf6 gxf6 12. cxd5 Bxd5 13. Nf3 a5 14. c4 Be6 15.
Nd2 Bd7 16. O-O b6 17. Bxc6 Bxc6 18. Qxc6 Rg8 19. Qf3 Ke7 20. Rb3 Qd7 21. Qd5
Qxd5 22. cxd5 h5 23. Rfb1 f5 24. Nc4 f6 25. Nxa5 h4 26. Nc6+ 1-0

[Event "DEM U12/U12w 2003"]
[Site "Willingen GER"]
[Date "2003.06.09"]
[Round "4"]
[White "van Orsouw, Svenja"]
[Black "Frey, Alisa"]
[Result "0-1"]
[Termination "normal"]
[Board "38"]
[WhiteElo "1311"]
[BlackElo "1138"]
[PlyCount "74"]
[WhiteFideId "24677124"]
[BlackFideId "24634662"]
[EventCountry "GER"]
[EventRounds "11"]
[EventType "swiss"]
[EventDate "2003.06.07"]

1. d4 d5 2. Nc3 c5 3. e3 Nc6 4. Be2 Nf6 5. Nf3 Bg4 6. h3 Bh5 7. b3 e6 8. Bb2
Be7 9. O-O O-O 10. a4 a6 11. Re1 Bd6 12. Ba3 Qe7 13. dxc5 Bxc5 14. Bxc5 Qxc5
15. Qd2 e5 16. Rad1 Rad8 17. Nb1 e4 18. Nd4 Bxe2 19. Rxe2 Rfe8 20. Qc3 Qxc3 21.
Nxc3 Nxd4 22. Rxd4 Re5 23. Red2 Kf8 24. Ne2 Ke7 25. c4 a5 26. Nc3 Ke6 27. cxd5+
Nxd5 28. Rxe4 Rd6 29. Rxe5+ Kxe5 30. Nb5 Rc6 31. Nd4 Rc1+ 32. Kh2 Nc3 33. Kg3
Ne4+ 34. Kg4 Nxd2 35. f4+ Kf6 36. Ne2 Rb1 37. Nd4 Nxb3 0-1

[Event "DEM U12/U12w 2003"]
[Site "Willingen GER"]
[Date "2003.06.09"]
[Round "4"]
[White "Thewes, Johannes"]
[Black "Friedt, Edmund"]
[Result "0-1"]
[Termination "normal"]
[Board "39"]
[WhiteElo "903"]
[BlackElo "1306"]
[PlyCount "38"]
[WhiteFideId "4624823"]
[BlackFideId "24629545"]
[EventCountry "GER"]
[EventRounds "11"]
[EventType "swiss"]
[EventDate "2003.06.07"]

1. e4 e5 2. Nf3 Nc6 3. Bc4 Nf6 4. Nc3 Bb4 5. d3 h6 6. Bd2 d6 7. h3 Be6 8. Bb3
Qd7 9. O-O g5 10. Ba4 g4 11. hxg4 Bxg4 12. Nd5 Nxd5 13. exd5 Bxd2 14. dxc6 bxc6
15. Qxd2 Bxf3 16. gxf3 Qh3 17. Bxc6+ Ke7 18. Qf4 exf4 19. Rfe1+ Kd8 0-1

[Event "DEM U12/U12w 2003"]
[Site "Willingen GER"]
[Date "2003.06.09"]
[Round "4"]
[White "Saak, Sandra"]
[Black "Mijatovic, Andrea"]
[Result "1/2-1/2"]
[Termination "normal"]
[Board "40"]
[WhiteElo "1361"]
[BlackElo "1408"]
[PlyCount "114"]
[BlackFideId "14514524"]
[EventCountry "GER"]
[EventRounds "11"]
[EventType "swiss"]
[EventDate "2003.06.07"]

1. e4 c5 2. Nc3 Nc6 3. g3 g6 4. Bg2 Bg7 5. d3 d6 6. f4 e6 7. Nf3 Nge7 8. Be3
O-O 9. O-O Bd7 10. Rb1 d5 11. Bd2 a6 12. e5 f6 13. exf6 Bxf6 14. Re1 b5 15. a3
Rb8 16. Qe2 b4 17. axb4 cxb4 18. Nd1 Nd4 19. Nxd4 Bxd4+ 20. Be3 Bg7 21. Qf2 Nf5
22. Kh1 Bc6 23. Qe2 Re8 24. Qd2 Qd7 25. d4 a5 26. Nf2 h5 27. b3 Qc7 28. Nh3 Bb5
29. Rb2 Qc3 30. Qxc3 bxc3 31. Rbb1 Nxe3 32. Rxe3 Bxd4 33. Ree1 Bc6 34. Ng5 Bd7
35. Rbd1 Bg7 36. Kg1 Bf6 37. Nf3 Re7 38. Ne5 Bxe5 39. Rxe5 Rbe8 40. Rd3 Kf7 41.
Rxc3 Rc8 42. Rxc8 Bxc8 43. Kf2 Rc7 44. Re2 Bd7 45. Ke3 a4 46. bxa4 Bxa4 47. Kd4
Rxc2 48. Rxc2 Bxc2 49. Ke5 Bf5 50. Bf3 Ke7 51. Bg2 Kd7 52. Bf3 Kc6 53. Kd4 Kb5
54. Bxd5 exd5 55. Kxd5 Kb4 56. Ke5 Kc4 57. Kf6 Kd5 1/2-1/2

[Event "DEM U12/U12w 2003"]
[Site "Willingen GER"]
[Date "2003.06.09"]
[Round "4"]
[White "Prosch, Julia"]
[Black "Perlick, Maria"]
[Result "1-0"]
[Termination "normal"]
[Board "41"]
[WhiteElo "1003"]
[BlackElo "1397"]
[PlyCount "49"]
[EventCountry "GER"]
[EventRounds "11"]
[EventType "swiss"]
[EventDate "2003.06.07"]

1. e4 e6 2. d4 d5 3. exd5 exd5 4. Bd3 Nf6 5. Nc3 Be7 6. Nge2 O-O 7. Bf4 Bg4 8.
Qd2 Nbd7 9. O-O-O Nh5 10. f3 Nxf4 11. Nxf4 Be6 12. Ncxd5 Bg5 13. h4 Bxd5 14.
hxg5 g6 15. Nxd5 c6 16. Nc3 Re8 17. Qf4 Nf8 18. Bc4 Re7 19. Rhe1 Rc8 20. Rxe7
Qxe7 21. d5 cxd5 22. Nxd5 Qc5 23. Qd4 Qxc4 24. Nf6+ Kg7 25. Nh5+ 1-0

[Event "DEM U12/U12w 2003"]
[Site "Willingen GER"]
[Date "2003.06.09"]
[Round "4"]
[White "Gahn, Juliane"]
[Black "Müller, Anna-Louise"]
[Result "1-0"]
[Termination "normal"]
[Board "42"]
[WhiteElo "1379"]
[BlackElo "821"]
[PlyCount "63"]
[BlackFideId "4633512"]
[EventCountry "GER"]
[EventRounds "11"]
[EventType "swiss"]
[EventDate "2003.06.07"]

1. e4 c5 2. Nf3 d6 3. d4 cxd4 4. Nxd4 Nf6 5. Nc3 g6 6. Be3 Bg7 7. f3 O-O 8. Qd2
Nc6 9. O-O-O Bd7 10. g4 a5 11. h4 h5 12. Bh6 Nxd4 13. Bxg7 Nb3+ 14. axb3 Kxg7
15. gxh5 Nxh5 16. Rg1 Kh7 17. Be2 a4 18. Qg5 a3 19. f4 a2 20. Kd2 Rg8 21. Bxh5
e6 22. Qxd8 Rgxd8 23. Be2 Ra7 24. Ra1 Rda8 25. h5 Be8 26. hxg6+ fxg6 27. Bc4 e5
28. Ke3 Kg7 29. Rgd1 exf4+ 30. Kxf4 Kh6 31. Rxd6 Kh5 32. Rh1# 1-0

[Event "DEM U12/U12w 2003"]
[Site "Willingen GER"]
[Date "2003.06.09"]
[Round "4"]
[White "Eckoldt, Katja"]
[Black "Seifert, Christopher"]
[Result "0-1"]
[Termination "normal"]
[Board "43"]
[WhiteElo "979"]
[BlackElo "1369"]
[PlyCount "84"]
[BlackFideId "24615293"]
[EventCountry "GER"]
[EventRounds "11"]
[EventType "swiss"]
[EventDate "2003.06.07"]

1. e4 e6 2. Nf3 d5 3. exd5 exd5 4. d4 Nf6 5. Be2 Bd6 6. O-O O-O 7. Bg5 Bg4 8.
c3 Nbd7 9. Nbd2 c6 10. Qc2 Qc7 11. g3 Bh3 12. Rfe1 c5 13. Bxf6 Nxf6 14. Ng5 Bd7
15. Bd3 h6 16. Ngf3 Rac8 17. b3 cxd4 18. Nxd4 Qxc3 19. Qxc3 Rxc3 20. Be2 Bc5
21. N4f3 Rc2 22. a3 Re8 23. b4 Bb6 24. Kg2 Ng4 25. Bf1 Nxf2 26. Re2 Rxe2 27.
Bxe2 Bh3+ 28. Kg1 Ne4+ 29. Kh1 Nxd2 30. Nxd2 Rxd2 31. Bf1 Bxf1 32. Rxf1 Ra2 33.
Rd1 d4 34. Rd3 Kf8 35. Kg1 Ke7 36. h4 Kd6 37. Kf1 Kd5 38. Ke1 Kc4 39. Rf3 f6
40. Kd1 d3 41. Rf4+ Kc3 42. Rf3 Ra1# 0-1

[Event "DEM U12/U12w 2003"]
[Site "Willingen GER"]
[Date "2003.06.10"]
[Round "5"]
[White "Bigalke, Tobias"]
[Black "Jussupow, Ekaterina"]
[Result "1/2-1/2"]
[Termination "normal"]
[Board "1"]
[WhiteElo "1767"]
[BlackElo "1709"]
[PlyCount "107"]
[WhiteFideId "4698282"]
[BlackFideId "24625400"]
[EventCountry "GER"]
[EventRounds "11"]
[EventType "swiss"]
[EventDate "2003.06.07"]

1. e4 e5 2. Nc3 Nc6 3. g3 Bc5 4. Bg2 d6 5. d3 h6 6. h3 Nge7 7. Nge2 O-O 8. O-O
f5 9. Kh2 Ng6 10. f4 exf4 11. Bxf4 Nxf4 12. Nxf4 Qg5 13. h4 Qd8 14. Bh3 Nd4 15.
Nfe2 Nxe2 16. Qxe2 f4 17. Bxc8 Rxc8 18. Qg4 fxg3+ 19. Kxg3 Qe7 20. Kg2 Qe5 21.
Rf5 Rxf5 22. Qxf5 Rf8 23. Qxe5 Rf2+ 24. Kg3 dxe5 25. Rc1 Rf4 26. Nd5 Rf7 27. h5
c6 28. Nc3 Kh7 29. Ne2 Be3 30. Rh1 Rf2 31. Rh2 Rxh2 32. Kxh2 g6 33. hxg6+ Kxg6
34. Kh3 Kg5 35. c3 c5 36. b3 b5 37. a4 a6 38. axb5 axb5 39. b4 cxb4 40. cxb4
Bd2 41. d4 Bxb4 42. dxe5 Bc5 43. Nc1 b4 44. Nb3 Be7 45. Kg3 h5 46. Nd2 h4+ 47.
Kf3 h3 48. Kg3 h2 49. Kxh2 Kf4 50. Kg2 Ke3 51. Nb3 Kd3 52. e6 Kc3 53. Na5 b3
54. Nxb3 1/2-1/2

[Event "DEM U12/U12w 2003"]
[Site "Willingen GER"]
[Date "2003.06.10"]
[Round "5"]
[White "Kazhibadze, Georg"]
[Black "Savchenko, Aleksij"]
[Result "0-1"]
[Termination "normal"]
[Board "2"]
[WhiteElo "1681"]
[BlackElo "1774"]
[PlyCount "90"]
[BlackFideId "24611727"]
[EventCountry "GER"]
[EventRounds "11"]
[EventType "swiss"]
[EventDate "2003.06.07"]

1. e4 c5 2. Nf3 e6 3. d4 cxd4 4. Bc4 Qc7 5. Qe2 a6 6. O-O b5 7. Bb3 Bb7 8. Rd1
Nf6 9. Nbd2 Bc5 10. a4 Ng4 11. Rf1 Bb4 12. axb5 axb5 13. Rxa8 Bxa8 14. Qxb5
Bxd2 15. Bxd2 Bxe4 16. Qh5 Nf6 17. Qg5 Bxf3 18. gxf3 Qb7 19. Qc5 Nc6 20. Ra1 h5
21. Qa3 h4 22. Qa8+ Qxa8 23. Rxa8+ Nd8 24. Ba5 Ke7 25. Bc4 Rg8 26. b4 Nc6 27.
Rxg8 Nxg8 28. Kf1 Kd6 29. Ke2 Nge7 30. Bb5 Kd5 31. Ba4 Kc4 32. Bb3+ Kb5 33. Kd3
Nf5 34. Bc4+ Ka4 35. Bb3+ Kb5 36. Bc4+ Ka4 37. Bb3+ Kb5 38. Bc4+ Ka4 39. Bb3+
Ka3 40. Kc4 h3 41. c3 Ne5+ 42. Kc5 d6+ 43. Kb6 Kxb3 44. cxd4 Nxd4 45. b5 Kc4
0-1

[Event "DEM U12/U12w 2003"]
[Site "Willingen GER"]
[Date "2003.06.10"]
[Round "5"]
[White "Huschenbeth, Niclas"]
[Black "Gölz, Daniel"]
[Result "1-0"]
[Termination "normal"]
[Board "4"]
[WhiteElo "1808"]
[BlackElo "1682"]
[PlyCount "51"]
[WhiteFideId "24604747"]
[BlackFideId "24626325"]
[EventCountry "GER"]
[EventRounds "11"]
[EventType "swiss"]
[EventDate "2003.06.07"]

1. e4 c5 2. d4 cxd4 3. c3 dxc3 4. Nxc3 a6 5. Nf3 e6 6. Bc4 b5 7. Bb3 Bb7 8. Qe2
d6 9. O-O Nf6 10. e5 Nfd7 11. Rd1 Bxf3 12. Qxf3 d5 13. Nxd5 Nxe5 14. Nf6+ Qxf6
15. Qxa8 Nec6 16. Be3 Bb4 17. Rac1 O-O 18. Rxc6 Nxc6 19. Qxc6 Qxb2 20. Qxa6 Qe5
21. a3 Be7 22. Bd4 Qh5 23. Re1 Rd8 24. Be5 b4 25. Qb7 f6 26. Qxe7 1-0

[Event "DEM U12/U12w 2003"]
[Site "Willingen GER"]
[Date "2003.06.10"]
[Round "5"]
[White "Wortmann, Jonas"]
[Black "Müller, Reinhold"]
[Result "0-1"]
[Termination "normal"]
[Board "5"]
[WhiteElo "1608"]
[BlackElo "2003"]
[PlyCount "106"]
[WhiteFideId "24628069"]
[BlackFideId "24605875"]
[EventCountry "GER"]
[EventRounds "11"]
[EventType "swiss"]
[EventDate "2003.06.07"]

1. e4 d5 2. exd5 Nf6 3. Nc3 Nxd5 4. Nxd5 Qxd5 5. d4 Bf5 6. Be3 e6 7. Nf3 c6 8.
Bd3 Bxd3 9. Qxd3 Be7 10. O-O O-O 11. Rfd1 Rd8 12. b3 Nd7 13. c4 Qa5 14. Bd2 Qc7
15. Bc3 Nf6 16. Qc2 Rac8 17. Rac1 Qb6 18. h3 Nd7 19. Qb2 Bf6 20. Rc2 Nf8 21.
Rcd2 Ng6 22. Kh2 Qc7+ 23. g3 b5 24. Ne5 Rb8 25. Nxg6 hxg6 26. Qc2 Rd7 27. f4
Rbd8 28. Rd3 Qd6 29. Qd2 bxc4 30. bxc4 Bxd4 31. c5 Qxc5 32. Rxd4 Rxd4 33. Bxd4
Qc4 34. Qd3 Qxd3 35. Rxd3 c5 36. Kg2 Rxd4 37. Rxd4 cxd4 38. Kf3 f6 39. a4 e5
40. a5 Kf7 41. g4 Ke6 42. Ke4 Kd6 43. h4 Ke6 44. fxe5 fxe5 45. h5 gxh5 46. gxh5
Kd6 47. Kf5 d3 48. Kg6 d2 49. Kxg7 d1=Q 50. h6 Qg4+ 51. Kh8 Ke7 52. h7 Kf7 53.
a6 Qg7# 0-1

[Event "DEM U12/U12w 2003"]
[Site "Willingen GER"]
[Date "2003.06.10"]
[Round "5"]
[White "Geske, Julian"]
[Black "Miclea, Sebastian"]
[Result "1-0"]
[Termination "normal"]
[Board "6"]
[WhiteElo "1733"]
[BlackElo "1532"]
[PlyCount "33"]
[WhiteFideId "24605263"]
[EventCountry "GER"]
[EventRounds "11"]
[EventType "swiss"]
[EventDate "2003.06.07"]

1. e4 c5 2. Nf3 Nc6 3. d4 cxd4 4. Nxd4 g6 5. Nc3 Bg7 6. Be3 Nf6 7. Bc4 Qa5 8.
O-O Qb4 9. Bb3 Nxe4 10. Nxe4 Bxd4 11. c3 Bxc3 12. Nxc3 O-O 13. Bh6 Re8 14. Re1
d6 15. Qf3 e6 16. Nd5 Qh4 17. Nf6+ 1-0

[Event "DEM U12/U12w 2003"]
[Site "Willingen GER"]
[Date "2003.06.10"]
[Round "5"]
[White "Mazarov, Jürgen"]
[Black "Khramoy, Gennadiy"]
[Result "1-0"]
[Termination "normal"]
[Board "7"]
[WhiteElo "1684"]
[BlackElo "1517"]
[PlyCount "93"]
[WhiteFideId "24617768"]
[EventCountry "GER"]
[EventRounds "11"]
[EventType "swiss"]
[EventDate "2003.06.07"]

1. e4 e6 2. d4 d5 3. e5 c5 4. Qg4 Nc6 5. Nf3 f6 6. c3 Qc7 7. Bf4 Qb6 8. b3 cxd4
9. Bd3 f5 10. Qg3 Bd7 11. O-O Nge7 12. cxd4 O-O-O 13. Nbd2 Kb8 14. a4 a5 15.
Rfc1 h6 16. h4 Rg8 17. Be3 Nb4 18. Bb5 Nec6 19. Bxh6 g6 20. Bg5 Rc8 21. Bf6 Bh6
22. Bg5 Bxg5 23. Qxg5 Rcd8 24. Qe3 Rde8 25. Qc3 Rh8 26. Qc5 Qxc5 27. Rxc5 Re7
28. g3 Reh7 29. Ng5 Re7 30. Ndf3 Rc8 31. Kf1 b6 32. Rcc1 Kb7 33. Ke2 Rf8 34.
Ke3 Nd8 35. Bxd7 Rxd7 36. Ne1 Re7 37. Ng2 Rg8 38. Nf4 Nbc6 39. Rh1 Kc7 40. f3
Kd7 41. g4 fxg4 42. fxg4 Reg7 43. Rac1 Ne7 44. Nf3 Nf7 45. Rcg1 g5 46. Nh5 gxh4
47. Nf6+ 1-0

[Event "DEM U12/U12w 2003"]
[Site "Willingen GER"]
[Date "2003.06.10"]
[Round "5"]
[White "Fischer, Thomas"]
[Black "Linsenmeyer, Mario"]
[Result "1-0"]
[Termination "normal"]
[Board "8"]
[WhiteElo "1671"]
[BlackElo "1500"]
[PlyCount "63"]
[WhiteFideId "4683277"]
[BlackFideId "24635138"]
[EventCountry "GER"]
[EventRounds "11"]
[EventType "swiss"]
[EventDate "2003.06.07"]

1. Nf3 g6 2. g3 Bg7 3. Bg2 d6 4. O-O e5 5. d4 e4 6. Nfd2 d5 7. e3 Nf6 8. c4 c6
9. Nc3 Bg4 10. Qb3 Qd7 11. f3 exf3 12. Nxf3 Bxf3 13. Bxf3 dxc4 14. Qxc4 O-O 15.
e4 Rd8 16. d5 cxd5 17. exd5 Na6 18. Bg5 Qd6 19. Nb5 Qb6+ 20. Kh1 Rac8 21. Qb3
Nc5 22. Be3 a6 23. Bxc5 Qxc5 24. Nc3 b5 25. Rad1 Rd6 26. Ne2 Qc4 27. Rc1 Bh6
28. Rxc4 Rxc4 29. Nc3 Bd2 30. Qa3 Ne8 31. Rf2 b4 32. Qa4 1-0

[Event "DEM U12/U12w 2003"]
[Site "Willingen GER"]
[Date "2003.06.10"]
[Round "5"]
[White "Kim, Oi-sin"]
[Black "Geilfuss, Albert"]
[Result "1-0"]
[Termination "normal"]
[Board "9"]
[WhiteElo "1588"]
[BlackElo "1640"]
[PlyCount "133"]
[WhiteFideId "24605778"]
[EventCountry "GER"]
[EventRounds "11"]
[EventType "swiss"]
[EventDate "2003.06.07"]

1. e4 e6 2. d4 d5 3. exd5 exd5 4. Bd3 Bd6 5. c3 Nc6 6. Ne2 Nge7 7. Qc2 Ng6 8.
O-O Be6 9. f4 Nf8 10. f5 Bd7 11. Bf4 Be7 12. Qb3 Bc8 13. c4 Nb4 14. cxd5 Nxd3
15. Qxd3 Bd6 16. Nbc3 Bxf4 17. Rxf4 Nd7 18. Qe3+ Kf8 19. Rc1 Nf6 20. Qf3 a6 21.
Ng3 Rb8 22. Nh5 b5 23. Nxf6 Qxf6 24. Qe4 Bb7 25. Qe5 Qxe5 26. dxe5 Ke7 27. Rd4
Rhd8 28. b4 Rd7 29. Rcd1 Rbd8 30. Kf2 f6 31. e6 Rd6 32. Ke3 Ba8 33. g4 Bb7 34.
Ke4 Ba8 35. R1d2 Bb7 36. Nb1 Ba8 37. R2d3 Bb7 38. Nd2 Ba8 39. Nb3 c6 40. dxc6
Bxc6+ 41. Ke3 Rxd4 42. Rxd4 Rxd4 43. Kxd4 Kd6 44. Nd2 Bg2 45. Ne4+ Ke7 46. Ke3
Bf1 47. Nc5 Bc4 48. a3 Kd6 49. Nxa6 Bd5 50. Nc5 Bc4 51. Kf4 h6 52. h4 Be2 53.
a4 bxa4 54. Nxa4 Bb5 55. Nc3 Be8 56. g5 h5 57. g6 Bc6 58. Ne4+ Ke7 59. Ng3 Kf8
60. Nxh5 Bb5 61. Ke4 Ba4 62. Ng3 Bc6+ 63. Kd4 Bf3 64. Kc5 Ke7 65. b5 Bg2 66. h5
Bf3 67. h6 1-0

[Event "DEM U12/U12w 2003"]
[Site "Willingen GER"]
[Date "2003.06.10"]
[Round "5"]
[White "Sörös, Martin-Wolfgang"]
[Black "Rath, Oliver"]
[Result "1/2-1/2"]
[Termination "normal"]
[Board "10"]
[WhiteElo "1619"]
[BlackElo "1513"]
[PlyCount "42"]
[BlackFideId "24610380"]
[EventCountry "GER"]
[EventRounds "11"]
[EventType "swiss"]
[EventDate "2003.06.07"]

1. d4 Nf6 2. Nc3 d5 3. e4 dxe4 4. f3 exf3 5. Nxf3 Bg4 6. Bc4 e6 7. Bg5 Be7 8.
O-O O-O 9. Qd2 c6 10. Ne5 Bf5 11. g4 Nxg4 12. Bxe7 Qxe7 13. Nxg4 Bxg4 14. Rf4
Bf5 15. Kh1 b5 16. Bd3 Bxd3 17. Qxd3 Qg5 18. Qf3 f5 19. Ne4 Qe7 20. Nc5 g5 21.
Qg3 Kh8 1/2-1/2

[Event "DEM U12/U12w 2003"]
[Site "Willingen GER"]
[Date "2003.06.10"]
[Round "5"]
[White "Moshtael, Wesal"]
[Black "Poetsch, Hagen"]
[Result "1-0"]
[Termination "normal"]
[Board "11"]
[WhiteElo "1578"]
[BlackElo "1611"]
[PlyCount "197"]
[WhiteFideId "24618551"]
[BlackFideId "24615137"]
[EventCountry "GER"]
[EventRounds "11"]
[EventType "swiss"]
[EventDate "2003.06.07"]

1. Nf3 Nf6 2. g3 b6 3. Bg2 Bb7 4. O-O c5 5. c4 e6 6. Nc3 d6 7. d4 cxd4 8. Nxd4
Bxg2 9. Kxg2 a6 10. Bd2 Nbd7 11. f4 Qc7 12. b3 Qb7+ 13. Nf3 Be7 14. Re1 O-O 15.
e4 Nc5 16. Qe2 Rfd8 17. Rad1 d5 18. exd5 Re8 19. dxe6 Nxe6 20. Ne4 Nd7 21. Bc3
f5 22. Nf2 Bf6 23. Qc2 Bxc3 24. Qxc3 Nec5 25. Kg1 b5 26. Ne5 Nxe5 27. Rxe5 Ne4
28. Nxe4 fxe4 29. Qd4 Red8 30. Rd5 Rxd5 31. Qxd5+ Qxd5 32. Rxd5 bxc4 33. bxc4
Rb8 34. Rd2 e3 35. Re2 Rb1+ 36. Kg2 Rc1 37. Rxe3 Rxc4 38. Ra3 Rc6 39. Kf3 Kf7
40. Ke4 Ke6 41. Ra4 g6 42. g4 Kf6 43. Ra5 Rb6 44. Kd5 h5 45. h3 hxg4 46. hxg4
Re6 47. Rc5 Re2 48. Rc6+ Kf7 49. Rxa6 g5 50. fxg5 Rg2 51. Ke4 Rxg4+ 52. Kf5 Rb4
53. Ra7+ Kg8 54. a4 Rb6 55. g6 Kf8 56. a5 Re6 57. Kg5 Re1 58. Rf7+ Kg8 59. Rf4
Ra1 60. Rf5 Kg7 61. Rf7+ Kg8 62. Ra7 Rg1+ 63. Kf6 Rf1+ 64. Ke6 Rg1 65. a6 Rxg6+
66. Kf5 Rb6 67. Ra8+ Kf7 68. a7 Ra6 69. Ke5 Ke7 70. Rh8 Ra5+ 71. Kd4 Ra4+ 72.
Kc5 Ra5+ 73. Kb4 Rxa7 74. Rh7+ Kd6 75. Rxa7 Ke6 76. Rh7 Kd5 77. Re7 Kd6 78. Re1
Kd5 79. Kb5 Kd4 80. Kb4 Kd3 81. Re8 Kd4 82. Rd8+ Ke5 83. Kc5 Ke4 84. Rd5 Ke3
85. Rd4 Kf3 86. Kd5 Ke3 87. Ke5 Kf3 88. Re4 Kf2 89. Kf4 Kg2 90. Re2+ Kf1 91.
Ra2 Ke1 92. Ke3 Kd1 93. Re2 Kc1 94. Rd2 Kb1 95. Kd3 Kc1 96. Kc3 Kb1 97. Rd1+
Ka2 98. Rh1 Ka3 99. Ra1# 1-0

[Event "DEM U12/U12w 2003"]
[Site "Willingen GER"]
[Date "2003.06.10"]
[Round "5"]
[White "Korman, Maxim"]
[Black "Schrödter, Thomas"]
[Result "0-1"]
[Termination "normal"]
[Board "12"]
[WhiteElo "1711"]
[BlackElo "1605"]
[PlyCount "80"]
[WhiteFideId "24619787"]
[EventCountry "GER"]
[EventRounds "11"]
[EventType "swiss"]
[EventDate "2003.06.07"]

1. e4 c5 2. Nc3 Nc6 3. g3 g6 4. Bg2 Bg7 5. d3 Rb8 6. f4 b5 7. Nf3 d6 8. O-O Bg4
9. h3 Bd7 10. g4 b4 11. Ne2 e6 12. Ng3 Nge7 13. Nh4 Nd4 14. Nf3 Nxf3+ 15. Qxf3
O-O 16. Kh1 f5 17. exf5 Bc6 18. Qe2 Bxg2+ 19. Kxg2 exf5 20. Qe6+ Kh8 21. Re1
Nc6 22. gxf5 Nd4 23. Qc4 Nxf5 24. Nxf5 Rxf5 25. a3 Qh4 26. Rf1 Re8 27. d4 Bxd4
28. c3 bxc3 29. bxc3 Bg7 30. Bd2 Rg5+ 31. fxg5 Qxc4 32. Rae1 Re2+ 33. Rxe2
Qxe2+ 34. Rf2 Qe4+ 35. Rf3 Be5 36. Kf2 Kg7 37. Re3 Qh4+ 38. Ke2 Qxg5 39. Kd3
Qf5+ 40. Kc4 Bf4 0-1